Introduction to artificial intelligence / (Record no. 183608)

MARC details
000 -LEADER
fixed length control field 00735nam a2200241Ia 4500
003 - CONTROL NUMBER IDENTIFIER
control field OSt
005 - DATE AND TIME OF LATEST TRANSACTION
control field 20251120124456.0
008 - FIXED-LENGTH DATA ELEMENTS--GENERAL INFORMATION
fixed length control field 210716s2001 xx 000 0 und d
020 ## - INTERNATIONAL STANDARD BOOK NUMBER
International Standard Book Number 8178080338
040 ## - CATALOGING SOURCE
Transcribing agency AIMIT LIBRARY
041 ## - LANGUAGE CODE
Language code of text/sound track or separate title eng
082 ## - DEWEY DECIMAL CLASSIFICATION NUMBER
Classification number 006.3
Edition number 1
Item number CHAE
100 ## - MAIN ENTRY--PERSONAL NAME
Personal name Charniak, Eugene.
9 (RLIN) 246508
245 ## - TITLE STATEMENT
Title Introduction to artificial intelligence /
Statement of responsibility, etc. By Eugene Charniak and Drew McDermott.
250 ## - EDITION STATEMENT
Edition statement 1st ed.
260 ## - PUBLICATION, DISTRIBUTION, ETC.
Place of publication, distribution, etc. New Delhi :
Name of publisher, distributor, etc. Pearson Education ,
Date of publication, distribution, etc. 2001.
300 ## - PHYSICAL DESCRIPTION
Extent xvii,701p. ;
Other physical details PB
Dimensions 22.9 cm
650 ## - SUBJECT ADDED ENTRY--TOPICAL TERM
Topical term or geographic name entry element Vision
9 (RLIN) 246509
650 ## - SUBJECT ADDED ENTRY--TOPICAL TERM
Topical term or geographic name entry element Search
9 (RLIN) 246510
650 ## - SUBJECT ADDED ENTRY--TOPICAL TERM
Topical term or geographic name entry element Abduction uncertainty and expert systems
9 (RLIN) 246511
700 ## - ADDED ENTRY--PERSONAL NAME
Personal name Mcdermott, Drew.
9 (RLIN) 246512
942 ## - ADDED ENTRY ELEMENTS (KOHA)
Source of classification or shelving scheme Dewey Decimal Classification
Koha item type Book
Edition 1st
Call number prefix 006.3 CHAE
Holdings
Withdrawn status Lost status Damaged status Not for loan Collection code Home library Current library Date acquired Total Checkouts Full call number Barcode Date last seen Date last checked out Price effective from Koha item type
        MCA St Aloysius Institute of Management & Information Technology St Aloysius Institute of Management & Information Technology 07/16/2021 1 006.3 CHAE MCA03116 05/23/2026 06/04/2024 07/16/2021 Book